[Event "Titled Tue 20th May Early"]
[Site "chess.com INT"]
[Date "2025.05.20"]
[Round "2"]
[White "Csonka, Balazs"]
[Black "Mirimanian, Hayk"]
[Result "1-0"]
[WhiteTitle "IM"]
[BlackTitle "FM"]
[WhiteElo "2469"]
[BlackElo "2237"]
[WhiteFideId "742910"]
[BlackFideId "4700180"]
[EventDate "2025.05.20"]

1. d4 d5 2. c4 c6 3. Nc3 Nf6 4. Nf3 e6 5. g3 dxc4 6. Bg2 Nbd7 7. O-O b5 8. e4 b4
9. e5 Nd5 10. Ne4 N7b6 11. Bg5 Qc7 12. Rc1 h6 13. Be3 a5 14. Re1 Be7 15. Nfd2
Ba6 16. Qg4 Kf8 17. Bf1 h5 18. Qf3 c3 19. bxc3 bxc3 20. Nxc3 Bxf1 21. Kxf1 h4
22. g4 Nxc3 23. Rxc3 Nd5 24. Rc2 h3 25. Ne4 Qb6 26. Rec1 Rc8 27. Nc5 Kg8 28. Bd2
a4 29. Qd3 Qb5 30. Ke2 g6 31. Ne4 Qb6 32. Rc4 Kg7 33. Rxa4 Bb4 34. Rb1 Bxd2 35.
Rxb6 Nf4+ 36. Kxd2 Nxd3 37. Kxd3 Rhd8 38. Nd6 Rc7 39. Rab4 c5 40. dxc5 Rxc5 41.
f4 Rd5+ 42. Ke3 Ra8 43. Rb7 Ra3+ 44. Rb3 Rxb3+ 45. axb3 g5 46. Rxf7+ Kg6 47.
Rf6+ Kg7 48. Ne8+ Kg8 49. Rxe6 gxf4+ 50. Kxf4 Rd3 51. Kf5 Kf7 52. Nd6+ Kf8 53.
Rf6+ Kg7 54. Rf7+ Kg8 55. Kg6 Rxb3 56. Nf5 Rb6+ 57. Rf6 Rb7 58. e6 Rc7 59. Nh6+
Kh8 60. Rf8# 1-0

[Event "Titled Tue 20th May Early"]
[Site "chess.com INT"]
[Date "2025.05.20"]
[Round "2"]
[White "Li, Hui"]
[Black "Novikova, Anna"]
[Result "1-0"]
[WhiteTitle "CM"]
[BlackTitle "WIM"]
[WhiteElo "2041"]
[BlackElo "2179"]
[WhiteFideId "15400310"]
[BlackFideId "4146794"]
[EventDate "2025.05.20"]

1. e4 c5 2. Nf3 g6 3. d4 cxd4 4. Nxd4 Nc6 5. Nc3 Bg7 6. Be3 Nf6 7. Bc4 O-O 8.
Bb3 Re8 9. h4 e6 10. Nxc6 bxc6 11. f3 d5 12. Qd2 Ba6 13. O-O-O Qa5 14. Kb1 Qc7
15. h5 Kf8 16. hxg6 fxg6 17. Bh6 Red8 18. Bxg7+ Qxg7 19. Qf4 Kg8 20. Na4 Bb5 21.
Nc5 Re8 22. e5 Nd7 23. Nxd7 Qxd7 24. Qh6 Qg7 25. Qh4 a5 26. a3 a4 27. Ba2 Reb8
28. f4 Ba6 29. Ka1 Be2 30. Rde1 Ba6 31. g4 Bc8 32. f5 Bd7 33. f6 Qf7 34. g5 Be8
35. Qd4 Ra7 36. Rh2 Qc7 37. Reh1 Qb6 38. Qxb6 Rxb6 39. c3 Rab7 40. Bb1 Rb3 41.
Bc2 R3b6 42. Bxa4 Ra6 43. Bc2 Rab6 44. Bd3 Rxb2 45. Rxb2 Rxb2 46. Kxb2 Bf7 47.
Kc1 Be8 48. Kd2 c5 49. Ra1 c4 50. Bc2 Bb5 51. a4 Ba6 52. a5 Kf7 53. Rb1 Kg8 54.
Rb6 Bc8 55. Rb8 1-0

[Event "Titled Tue 20th May Early"]
[Site "chess.com INT"]
[Date "2025.05.20"]
[Round "2"]
[White "Skliarov, Viktor"]
[Black "Bernadskiy, Vitaliy"]
[Result "0-1"]
[WhiteTitle "IM"]
[BlackTitle "GM"]
[WhiteElo "2334"]
[BlackElo "2523"]
[WhiteFideId "14106736"]
[BlackFideId "14100371"]
[EventDate "2025.05.20"]

1. e4 e5 2. Nc3 Nf6 3. Bc4 Nc6 4. d3 Na5 5. Nge2 Nxc4 6. dxc4 Be7 7. O-O O-O 8.
Ng3 d6 9. h3 Be6 10. b3 c6 11. Bg5 Qa5 12. Qf3 h6 13. Bxf6 Bxf6 14. Rad1 Rad8
15. Nf5 Bxf5 16. exf5 Kh7 17. Rd3 b5 18. cxb5 d5 19. bxc6 e4 20. Nxe4 dxe4 21.
Qxe4 Rxd3 22. cxd3 Rc8 23. Rc1 Qa3 24. Rc2 Qd6 25. g3 Rc7 26. Kg2 Bd8 27. b4 Re7
28. Qc4 Bb6 29. b5 Qf6 30. a4 Qxf5 31. d4 Qe4+ 32. Kh2 Qf3 33. Qc3 Qf5 34. a5
Bxa5 35. Qc5 Qe4 36. Ra2 Bb6 37. Qc2 Qxc2 38. Rxc2 Kg6 39. d5 Bc7 40. Ra2 Bd6
41. Ra6 Rc7 42. b6 axb6 43. Rxb6 Kf6 44. Rb5 Ke5 45. Kg2 Kd4 46. Kf3 Bc5 47. Rb7
Rxb7 48. cxb7 Bd6 49. Kg4 g6 50. f4 f5+ 51. Kf3 h5 52. g4 h4 53. gxf5 gxf5 54.
Kg2 Bxf4 55. Kf3 Bd6 56. Kg2 Kxd5 57. Kf3 Bb8 58. Kg2 Kc6 59. Kf3 Kxb7 0-1

[Event "Titled Tue 20th May Early"]
[Site "chess.com INT"]
[Date "2025.05.20"]
[Round "2"]
[White "Moiseenko, Alexander"]
[Black "Sarveshwaran V"]
[Result "1-0"]
[WhiteTitle "GM"]
[BlackTitle "CM"]
[WhiteElo "2568"]
[BlackElo "2290"]
[WhiteFideId "14102560"]
[BlackFideId "25699016"]
[EventDate "2025.05.20"]

1. d4 Nf6 2. Bg5 e6 3. e4 h6 4. Bxf6 Qxf6 5. c3 d5 6. Bd3 c5 7. Nf3 Nc6 8. O-O
Bd7 9. exd5 exd5 10. Re1+ Be6 11. Nbd2 cxd4 12. Nxd4 Bc5 13. Nxe6 fxe6 14. Qh5+
Kd7 15. Nf3 Rae8 16. c4 dxc4 17. Bg6 e5 18. Rad1+ Bd6 19. Bxe8+ Rxe8 20. Qg4+
Qe6 21. Qe4 Kc7 22. h3 g5 23. Rd5 Qf6 24. Red1 Re6 25. Qxc4 e4 26. Nd4 e3 27.
Nxe6+ Qxe6 28. fxe3 Qxe3+ 29. Kh1 Bf4 30. Rd7+ Kb6 31. Qb3+ Qxb3 32. axb3 a6 33.
Rh7 Na5 34. Rxh6+ Kb5 35. Rh7 b6 36. Rd5+ Kb4 37. Rh6 b5 38. Rxa6 Nxb3 39. Rb6
Kc4 40. Rdxb5 Nd4 41. Rb4+ Kc5 42. Rxd4 Kxd4 43. Rc6 Kd5 44. Rc2 Kd4 45. b4 Kd3
46. Rc8 Kd4 47. b5 Kd5 48. b6 Kd6 49. b7 Kd7 50. b8=Q Bxb8 51. Rxb8 Ke6 52. Rb4
Kf6 53. Rg4 Kg6 54. Kg1 Kh5 55. Kf2 Kh6 56. Kf3 Kh5 57. Ke4 Kh6 58. Kf5 Kh5 59.
Rxg5+ Kh6 60. Kf6 Kh7 61. Kf7 Kh6 62. Rf5 Kh7 63. Rh5# 1-0

[Event "Titled Tue 20th May Early"]
[Site "chess.com INT"]
[Date "2025.05.20"]
[Round "2"]
[White "Mitrabha, Guha"]
[Black "Yildiz, Serdar Murat"]
[Result "1/2-1/2"]
[WhiteTitle "GM"]
[BlackTitle "CM"]
[WhiteElo "2515"]
[BlackElo "2208"]
[WhiteFideId "5057000"]
[BlackFideId "44536780"]
[EventDate "2025.05.20"]

1. d4 Nf6 2. Bg5 e6 3. Nd2 c5 4. e3 cxd4 5. exd4 Be7 6. c3 O-O 7. Bd3 Nc6 8.
Ngf3 d5 9. O-O h6 10. Bh4 Nh5 11. Bxe7 Qxe7 12. Re1 Nf4 13. Bc2 Bd7 14. Nf1 Rae8
15. Qd2 Qd6 16. Ne5 Nh5 17. Ng3 Nxg3 18. hxg3 Nxe5 19. Rxe5 f6 20. Re3 e5 21.
dxe5 Rxe5 22. Bb3 Bc6 23. Qd4 Rxe3 24. Qxe3 b6 25. Rd1 Re8 26. Rxd5 Qf8 27. Rd8+
Kh8 28. Rxe8 Qxe8 29. Qxe8+ Bxe8 30. f4 g5 31. Kf2 Kg7 32. Ke3 Bc6 33. Kf2 Kg6
34. Bc2+ Kh5 35. Bd1+ Kg6 36. Bf3 Bd7 37. Ke3 Be6 38. b3 a5 39. c4 a4 40. Be4+
Kh5 41. Bf3+ Kg6 42. Bd5 Bd7 43. b4 Kf5 44. Bf3 a3 45. g4+ Ke6 46. fxg5 hxg5 47.
Kd4 Ba4 48. Bd5+ Kd7 49. c5 bxc5+ 50. bxc5 Bd1 51. Kc3 Bxg4 52. Kb4 f5 53. Kxa3
f4 54. Kb4 Be2 55. Kc3 g4 56. Kd4 Kc7 57. a3 g3 58. Be4 f3 59. Ke3 fxg2 60. Bxg2
Bb5 61. Bh3 Bc6 62. Ke2 g2 63. Kf2 Bd5 64. a4 Kc6 65. a5 Kxc5 66. Bd7 Bc6 67.
Bxc6 Kxc6 68. Kxg2 Kb5 69. a6 Kxa6 1/2-1/2

[Event "Titled Tue 20th May Early"]
[Site "chess.com INT"]
[Date "2025.05.20"]
[Round "2"]
[White "Grodotzki, Kenneth"]
[Black "Bayaca, Sterling"]
[Result "0-1"]
[WhiteTitle "CM"]
[BlackTitle "FM"]
[WhiteElo "1984"]
[BlackElo "2231"]
[WhiteFideId "4648560"]
[BlackFideId "3227790"]
[EventDate "2025.05.20"]

1. f4 d5 2. Nf3 g6 3. g3 Nf6 4. Bg2 Bg7 5. O-O O-O 6. d3 c5 7. Qe1 d4 8. Na3 Nd5
9. Bd2 Nc6 10. c4 Nc7 11. Nc2 a5 12. b3 Re8 13. a3 e5 14. fxe5 Nxe5 15. Nxe5
Rxe5 16. Rb1 Qe7 17. e4 dxe3 18. Bc3 Re6 19. Bxg7 Kxg7 20. Qc3+ Kg8 21. Rbe1
Raa6 22. d4 cxd4 23. Nxd4 Re5 24. Nf3 Ree6 25. Bh3 f5 26. Nd4 Re5 27. Rf3 Rd6
28. Rfxe3 Rxe3 29. Rxe3 Qf6 30. Ne2 Qxc3 31. Nxc3 Kf7 32. Bg2 Be6 33. Kf2 b6 34.
Ke2 Kf6 35. Rd3 Ke5 36. Rxd6 Kxd6 37. Ke3 Na6 38. Na4 Kc7 39. Kd4 Bd7 40. Nb2
Kd6 41. Nd3 Nc5 42. Nxc5 bxc5+ 43. Ke3 Ke5 44. Bf3 g5 45. h4 h6 46. hxg5 hxg5
47. Bd1 f4+ 48. gxf4+ gxf4+ 49. Kf3 Bf5 50. Kf2 Be4 51. Be2 Kd4 52. Bh5 Bc2 53.
b4 axb4 54. axb4 cxb4 55. c5 Kxc5 56. Bf7 Kd4 57. Kf3 Ke5 58. Bc4 Be4+ 59. Kf2
Bd5 60. Bd3 b3 61. Bb1 Be4 0-1

[Event "Titled Tue 20th May Early"]
[Site "chess.com INT"]
[Date "2025.05.20"]
[Round "2"]
[White "Cordeiro, Marco Aurelio Zaror"]
[Black "Khodashenas, Mersad"]
[Result "0-1"]
[BlackTitle "IM"]
[WhiteElo "2048"]
[BlackElo "2471"]
[WhiteFideId "2117991"]
[BlackFideId "12514195"]
[EventDate "2025.05.20"]

1. e4 c6 2. d4 d5 3. Nc3 dxe4 4. Nxe4 Nf6 5. Qd3 Nxe4 6. Qxe4 Qd5 7. Bd3 Nd7 8.
Qxd5 cxd5 9. Nf3 g6 10. O-O Bg7 11. Re1 e6 12. Bf4 O-O 13. c3 Re8 14. h3 f6 15.
Bd6 Kf7 16. Re2 a6 17. Rae1 b5 18. b3 Bb7 19. h4 h5 20. a4 Bc6 21. a5 Bf8 22.
Bxf8 Nxf8 23. b4 Rac8 24. Nd2 Bb7 25. Rc1 e5 26. dxe5 fxe5 27. f3 Kf6 28. g4
hxg4 29. fxg4 e4 30. Bb1 Ne6 31. Rf2+ Kg7 32. g5 e3 33. Rf6 exd2 34. Rxg6+ Kf7
35. Rf1+ Ke7 36. Bf5 Rc6 37. Rd1 Nf4 38. Rxc6 Bxc6 39. Rxd2 Kd6 40. g6 Rg8 41.
h5 Nxh5 42. Re2 Nf4 43. Rf2 Nxg6 44. Rg2 Ne7 45. Rxg8 Nxg8 46. Bc8 Kc7 47. Bxa6
Ne7 48. Kf2 Kb8 49. Ke3 Ka7 50. Bxb5 Bxb5 51. Kd4 Bc4 52. Kc5 Ka6 53. Kd6 Nf5+
54. Kc5 Ne3 55. Kd4 Nc2+ 56. Kc5 Na3 57. Kd4 Nb5+ 58. Kc5 Nxc3 0-1

[Event "Titled Tue 20th May Early"]
[Site "chess.com INT"]
[Date "2025.05.20"]
[Round "2"]
[White "Beerdsen, Thomas"]
[Black "Kononenko, Dmitry2"]
[Result "1/2-1/2"]
[WhiteTitle "GM"]
[BlackTitle "FM"]
[WhiteElo "2535"]
[BlackElo "2205"]
[WhiteFideId "1030108"]
[BlackFideId "14113538"]
[EventDate "2025.05.20"]

1. e4 c6 2. d4 d5 3. f3 e6 4. Nc3 Bb4 5. Bd3 Ne7 6. a3 Bxc3+ 7. bxc3 b6 8. h4
Ba6 9. h5 h6 10. Rh3 Bxd3 11. Qxd3 Nd7 12. Rg3 Rg8 13. e5 Nf5 14. Rh3 c5 15. g4
Ne7 16. Ne2 Qc7 17. f4 Rc8 18. Ra2 Nc6 19. g5 Ne7 20. Bd2 Nb8 21. Ng3 Nbc6 22.
f5 cxd4 23. cxd4 Na5 24. f6 gxf6 25. gxf6 Nf5 26. Nxf5 exf5 27. Qxf5 Nc4 28. Bb4
Rg5 29. Qf3 Qd7 30. c3 a5 31. Be7 Qe6 32. Rg2 Rf5 33. Qd1 Kd7 34. Rf3 Rxh5 35.
Kf2 b5 36. a4 b4 37. cxb4 axb4 38. a5 Rf5 39. Qa4+ Rc6 40. Rg3 Rxf3+ 41. Rxf3
Qg4 42. e6+ Qxe6 43. Qxb4 Qe4 44. Qb7+ Rc7 45. Qb5+ Rc6 46. Bc5 Qh4+ 47. Ke2
Qe4+ 48. Kf2 Qh4+ 49. Rg3 Qf4+ 50. Kg2 Ne3+ 51. Rxe3 Qxe3 52. Qb7+ Rc7 53. Qxd5+
Kc8 54. Qf5+ Kb7 55. Qb1+ Kc8 56. Qc2 Qg5+ 57. Kh2 Qf4+ 58. Kg1 Qg5+ 59. Kf1
Qxf6+ 60. Ke1 Qe6+ 61. Kd1 Qg4+ 62. Kc1 Qf4+ 63. Kb1 Qf1+ 64. Ka2 Qb5 65. Qf5+
Qd7 66. Qf3 Qe6+ 67. d5 Qe5 68. Qh3+ Rd7 69. Bb6 Qxd5+ 70. Ka1 Qd1+ 71. Kb2 Qd2+
72. Ka1 Qd1+ 73. Ka2 Qd2+ 74. Ka1 Qd1+ 1/2-1/2

[Event "Titled Tue 20th May Early"]
[Site "chess.com INT"]
[Date "2025.05.20"]
[Round "2"]
[White "Haug, Havard"]
[Black "Reefat, Bin-Sattar"]
[Result "1-0"]
[WhiteTitle "FM"]
[BlackTitle "GM"]
[WhiteElo "2354"]
[BlackElo "2331"]
[WhiteFideId "1547887"]
[BlackFideId "10200207"]
[EventDate "2025.05.20"]

1. e4 e6 2. d4 d5 3. exd5 exd5 4. Nc3 c6 5. Bd3 Bd6 6. Nge2 Qf6 7. Be3 Ne7 8.
Qd2 h6 9. f3 Nd7 10. Bf4 Bxf4 11. Qxf4 Qxf4 12. Nxf4 Nf6 13. h4 Bf5 14. Kd2 Bxd3
15. Nxd3 O-O-O 16. g4 h5 17. Ne5 Rdf8 18. Raf1 Ne8 19. Ne2 Nd6 20. Ng3 f6 21.
Nd3 hxg4 22. fxg4 Nc4+ 23. Ke2 Re8 24. Kf2 Ng8 25. b3 Ne3 26. Re1 Nh6 27. Kf3
Nexg4 28. Nf4 Kd7 29. h5 Rxe1 30. Rxe1 Re8 31. Rxe8 Kxe8 32. Ne6 Kf7 33. Nd8+
Ke7 34. Nxb7 f5 35. Na5 Kd7 36. c3 Nf6 37. c4 Ne4 38. Ne2 Nf7 39. cxd5 cxd5 40.
Nf4 Nf6 41. b4 Ng5+ 42. Ke3 Ne6 43. Nb3 Ng4+ 44. Kf3 Nf6 45. Nc5+ Nxc5 46. dxc5
Kc6 47. a4 a5 48. b5+ Kxc5 49. Ne6+ Kb4 50. Nxg7 Kxa4 51. b6 Kb5 52. b7 Nd7 53.
h6 1-0

[Event "Titled Tue 20th May Early"]
[Site "chess.com INT"]
[Date "2025.05.20"]
[Round "2"]
[White "Ezat, Mohamed"]
[Black "Nersisyan, Garnik"]
[Result "1/2-1/2"]
[WhiteTitle "IM"]
[BlackTitle "CM"]
[WhiteElo "2296"]
[BlackElo "2035"]
[WhiteFideId "10600906"]
[BlackFideId "13300741"]
[EventDate "2025.05.20"]

1. d4 e6 2. c4 d5 3. Nc3 Nf6 4. cxd5 exd5 5. Bg5 c6 6. Qc2 Be7 7. e3 Nbd7 8. Bd3
Nf8 9. Nf3 Ng6 10. O-O O-O 11. Rab1 Be6 12. b4 Rc8 13. Rfc1 Re8 14. b5 Ba3 15.
bxc6 Bxc1 16. cxb7 Rb8 17. Qxc1 Qe7 18. Qb2 h6 19. Bxf6 Qxf6 20. Qa3 Bg4 21. Nd2
Nh4 22. Qxa7 Qg5 23. g3 Nf3+ 24. Nxf3 Bxf3 25. Be2 Bxe2 26. Nxe2 Qf5 27. Qb6 Re7
28. Nf4 Rexb7 29. Qxb7 Qxb1+ 30. Qxb1 Rxb1+ 31. Kg2 Rb5 32. Kf3 Ra5 33. Kg4 Rxa2
34. f3 Ra5 35. Kf5 Ra3 36. Nxd5 g6+ 37. Kf4 Ra2 38. h4 Kg7 39. e4 f6 40. g4 g5+
41. hxg5 hxg5+ 42. Kf5 Rd2 43. Nc7 Rf2 44. e5 Rxf3+ 45. Ke6 fxe5 46. dxe5 Rf4
47. Ne8+ Kg6 48. Nf6 Rf1 49. Kd5 Rd1+ 50. Ke6 Re1 51. Kd6 Rd1+ 52. Ke7 Re1 53.
Nd7 Re4 54. e6 Rxg4 55. Kd6 Rd4+ 56. Ke5 Rd1 57. e7 Re1+ 58. Kd6 Rxe7 59. Kxe7
Kf5 60. Nf6 g4 61. Nxg4 1/2-1/2

[Event "Titled Tue 20th May Early"]
[Site "chess.com INT"]
[Date "2025.05.20"]
[Round "2"]
[White "Priasmoro, Novendra"]
[Black "Ostanin, Vadim"]
[Result "1-0"]
[WhiteTitle "GM"]
[BlackTitle "FM"]
[WhiteElo "2437"]
[BlackElo "2317"]
[WhiteFideId "7105029"]
[BlackFideId "24125016"]
[EventDate "2025.05.20"]

1. d4 d5 2. Nf3 Nf6 3. Bf4 c5 4. e3 Nc6 5. Nbd2 e6 6. c3 Bd6 7. Ne5 Qc7 8. Ndf3
O-O 9. Bd3 Ne7 10. h4 b6 11. h5 Ne4 12. h6 g6 13. dxc5 Nxc5 14. Bc2 f6 15. Nd3
Nxd3+ 16. Qxd3 Bxf4 17. exf4 Qxf4 18. g3 Qc7 19. O-O-O e5 20. Qe3 Be6 21. g4
Bxg4 22. Rdg1 Bxf3 23. Qxf3 e4 24. Qe3 Qe5 25. f4 Qe6 26. Bb3 Nf5 27. Qd2 Rfd8
28. Rd1 Ne7 29. Qd4 Rac8 30. f5 Nxf5 31. Qxd5 Rxd5 32. Bxd5 Kf7 33. Bxe6+ Kxe6
34. Kd2 Nd6 35. b3 f5 36. c4 f4 37. Kc3 Nf5 38. Rd5 g5 39. Re1 e3 40. Kd3 Rg8
41. Ke4 Nd6+ 42. Kf3 Nf7 43. Red1 Rg6 44. c5 bxc5 45. Rxc5 Rxh6 46. Rc6+ Kf5 47.
Rd5+ Ne5+ 48. Rxe5+ Kxe5 49. Rxh6 Kf5 50. Rxh7 g4+ 51. Ke2 Ke4 52. Re7+ Kf5 53.
Rg7 a5 54. a3 g3 55. Kf3 Ke5 56. Re7+ Kd6 57. Re4 1-0

[Event "Titled Tue 20th May Early"]
[Site "chess.com INT"]
[Date "2025.05.20"]
[Round "2"]
[White "Paduano, Claudio"]
[Black "Brown, Akeem"]
[Result "1-0"]
[WhiteTitle "FM"]
[BlackTitle "CM"]
[WhiteElo "2249"]
[BlackElo "2055"]
[WhiteFideId "2806393"]
[BlackFideId "7402023"]
[EventDate "2025.05.20"]

1. d4 Nf6 2. c4 g6 3. Nc3 Bg7 4. e4 d6 5. Be2 O-O 6. Nf3 e5 7. O-O Nc6 8. d5 Ne7
9. Ne1 Nd7 10. f3 f5 11. Be3 f4 12. Bf2 g5 13. Nd3 Nf6 14. c5 Ng6 15. a4 Rf7 16.
a5 h5 17. c6 bxc6 18. dxc6 g4 19. Nb4 Be6 20. Nbd5 Bf8 21. Bc4 Qc8 22. Nxf6+
Rxf6 23. Bxe6+ Qxe6 24. Qd5 a6 25. Qxe6+ Rxe6 26. Nd5 Rc8 27. b4 Ne7 28. Rfc1
Nxd5 29. exd5 Ree8 30. b5 axb5 31. a6 e4 32. fxe4 Rxe4 33. a7 Ra8 34. Rcb1 Bg7
35. Ra5 b4 36. Rb5 Ree8 37. R5xb4 g3 38. hxg3 fxg3 39. Be3 Rxe3 40. Rb8+ Re8 41.
Rxe8+ Rxe8 42. Rb8 Bd4+ 43. Kf1 Bxa7 44. Rxe8+ Kf7 45. Rh8 Kf6 46. Rxh5 Bb6 47.
Ke2 Bf2 48. Kf3 Be1 49. Ke4 Bf2 50. Rf5+ Kg6 51. Rf8 Bb6 52. Kf4 Kg7 53. Rc8 Kf6
54. Ke4 Ba5 55. Rb8 Bb6 56. Rb7 Ba5 57. Kf4 Kg6 58. Kxg3 Kf5 59. Kf3 Ke5 60. Rb5
Bc3 61. g4 1-0

[Event "Titled Tue 20th May Early"]
[Site "chess.com INT"]
[Date "2025.05.20"]
[Round "2"]
[White "Berg, Vadim Daskevich"]
[Black "Toncheva, Nadya"]
[Result "0-1"]
[WhiteTitle "IM"]
[BlackTitle "FM"]
[WhiteElo "2445"]
[BlackElo "2332"]
[WhiteFideId "11601965"]
[BlackFideId "2924056"]
[EventDate "2025.05.20"]

1. e4 c5 2. Nf3 Nc6 3. Bb5 e6 4. O-O Nge7 5. d4 cxd4 6. Nxd4 Ng6 7. Be2 Qc7 8.
c4 a6 9. Nc3 Bc5 10. Be3 Be7 11. Qd2 O-O 12. b3 Bf6 13. Rac1 b6 14. f4 Bxd4 15.
Bxd4 Nxd4 16. Qxd4 Nxf4 17. e5 Nxe2+ 18. Nxe2 Qc5 19. Rfd1 Ra7 20. Qxc5 bxc5 21.
Nc3 f6 22. exf6 gxf6 23. Ne4 Rc7 24. Rd6 Kf7 25. Rcd1 Ke7 26. Nc3 Bb7 27. Rb6
Rg8 28. g3 h5 29. Na4 h4 30. Nxc5 Bf3 31. Rd3 Be2 32. Rxd7+ Rxd7 33. Rxe6+ Kf7
34. Rxe2 Rd1+ 35. Kg2 hxg3 36. hxg3 a5 37. Rf2 Rgd8 38. Ne4 Ke6 39. Nxf6 R1d2
40. Ne4 Rxf2+ 41. Kxf2 Ke5 42. Ke3 Rg8 43. Kf3 Rf8+ 44. Ke3 Rb8 45. Nc3 Rg8 46.
Kf3 Rf8+ 47. Kg4 Rf2 48. Kg5 Rc2 49. Na4 Rxa2 50. g4 Ra3 51. Nc5 Kd4 52. Nb7 Kc3
53. c5 Kb4 54. c6 Rxb3 55. Kf6 Rc3 56. Nd8 a4 57. g5 a3 58. g6 a2 59. g7 a1=Q
60. g8=Q Rg3+ 61. Kf7 Rxg8 62. Kxg8 Qg1+ 63. Kf8 Qc5+ 64. Ke8 Qd6 65. Nb7 Qxc6+
66. Ke7 Qxb7+ 67. Ke6 Kb5 68. Ke5 Qc6 69. Kf4 Qd5 70. Ke3 Kc4 71. Ke2 Qd4 72.
Ke1 Qb2 73. Kf1 Kd3 74. Ke1 Qe2# 0-1

[Event "Titled Tue 20th May Early"]
[Site "chess.com INT"]
[Date "2025.05.20"]
[Round "2"]
[White "Risteski, Emil"]
[Black "Pavlidou, Ekaterini"]
[Result "0-1"]
[WhiteTitle "IM"]
[BlackTitle "WIM"]
[WhiteElo "2359"]
[BlackElo "2198"]
[WhiteFideId "15005267"]
[BlackFideId "4213262"]
[EventDate "2025.05.20"]

1. d3 Nf6 2. e4 d6 3. f4 c5 4. Nf3 Nc6 5. Be2 g6 6. O-O Bg7 7. a4 O-O 8. c3 Bg4
9. h3 Bxf3 10. Bxf3 Nd7 11. Na3 a6 12. Be3 Rb8 13. Nc2 b5 14. axb5 axb5 15. d4
cxd4 16. Nxd4 Nxd4 17. cxd4 Nb6 18. b3 d5 19. e5 e6 20. Qd3 Nc8 21. Rfc1 Qd7 22.
Bd2 Ne7 23. Bb4 Rfd8 24. Bd6 Rb7 25. Be2 Nf5 26. Bc5 Bf8 27. b4 Bxc5 28. Rxc5
Rdb8 29. Ra5 h5 30. g4 hxg4 31. hxg4 Ne7 32. Raxb5 Kg7 33. Rxb7 Rxb7 34. b5 Ra7
35. b6 Ra1+ 36. Kg2 Qd8 37. Rb5 Qh8 38. Qh3 Rg1+ 39. Kxg1 Qxh3 40. b7 Qg3+ 41.
Kf1 Qxf4+ 42. Ke1 Nc6 43. b8=Q Nxb8 44. Rxb8 Qxd4 45. Rb3 Qxe5 46. Rd3 Qf4 47.
Rf3 Qc1+ 48. Kf2 d4 49. Bd3 Qd2+ 50. Kg3 e5 51. Bc4 f6 52. Rb3 Qf4+ 53. Kh3 Kh6
54. Be6 e4 55. Rb5 d3 56. g5+ fxg5 57. Rd5 d2 58. Rd8 g4+ 59. Bxg4 e3 60. Re8
Qf1+ 61. Kh4 Qh1+ 62. Kg3 d1=Q 63. Bxd1 Qxd1 64. Rxe3 Kg5 65. Re5+ Kf6 66. Re3
Kf5 67. Rf3+ Kg5 68. Re3 Qg1+ 69. Kf3 Qf1+ 70. Kg3 Qf4+ 0-1

[Event "Titled Tue 20th May Early"]
[Site "chess.com INT"]
[Date "2025.05.20"]
[Round "2"]
[White "Napoli, Nicolo"]
[Black "Alcazar Jimenez, Jesus Alberto"]
[Result "0-1"]
[WhiteTitle "FM"]
[BlackTitle "FM"]
[WhiteElo "2245"]
[BlackElo "2141"]
[WhiteFideId "813702"]
[BlackFideId "2209756"]
[EventDate "2025.05.20"]

1. e4 c5 2. Nf3 e6 3. d4 cxd4 4. Nxd4 Nf6 5. Bd3 Nc6 6. Nxc6 bxc6 7. O-O Qc7 8.
Qe2 d5 9. e5 Nd7 10. f4 Bc5+ 11. Kh1 f5 12. exf6 Nxf6 13. c4 O-O 14. Nc3 Bd7 15.
b3 Rae8 16. Bb2 Qa5 17. Qc2 Ba3 18. Rae1 Bxb2 19. Qxb2 Qb4 20. h3 Rb8 21. cxd5
cxd5 22. Ne2 a5 23. Nd4 Rfe8 24. Re2 a4 25. Rfe1 axb3 26. axb3 Rb6 27. Bb1 Kf7
28. Qc2 Rc8 29. Qd3 Qc3 30. Qd1 g6 31. Nf3 Qxb3 32. Ne5+ Kg7 33. Qxb3 Rxb3 34.
Nxd7 Nxd7 35. Rxe6 Nf6 36. Rd6 Rc7 37. Ba2 Rb4 38. f5 Rb2 39. Bxd5 Nxd5 40. Rxd5
gxf5 41. Rxf5 Rcc2 42. Rg5+ Kf6 43. Rg4 h5 44. Rf1+ Ke6 45. Rg5 Rd2 46. Rf8 Rd1+
47. Kh2 Rdd2 48. Rh8 Kf6 49. Rg3 Rd5 50. Rh6+ Kf7 51. h4 Ke7 52. Rg5 Rxg5 53.
hxg5 Rb4 54. Kh3 Kf7 55. Rxh5 Kg6 56. g4 Rb3+ 57. Kh4 Rb1 58. Rh6+ Kg7 59. Ra6
Rh1+ 60. Kg3 Rg1+ 61. Kf4 Ra1 62. g6 Rxa6 63. Kg5 Ra4 64. Kh5 Ra5+ 65. g5 Ra6
66. Kh4 Rxg6 67. Kg4 Kf7 68. Kh4 Ke6 69. Kg4 Ke5 70. Kh4 Kf4 71. Kh5 Rxg5+ 0-1

[Event "Titled Tue 20th May Early"]
[Site "chess.com INT"]
[Date "2025.05.20"]
[Round "2"]
[White "Vlassov, Nikolai"]
[Black "Harsha, Bharathakoti"]
[Result "0-1"]
[WhiteTitle "IM"]
[BlackTitle "GM"]
[WhiteElo "2291"]
[BlackElo "2532"]
[WhiteFideId "4103360"]
[BlackFideId "5078776"]
[EventDate "2025.05.20"]

1. e4 c5 2. c3 Nf6 3. e5 Nd5 4. d4 cxd4 5. cxd4 e6 6. Nc3 Nxc3 7. bxc3 b6 8. f4
Qc7 9. Bd2 Ba6 10. Bxa6 Nxa6 11. Qf3 Qc6 12. Qg3 g6 13. Nf3 Qe4+ 14. Kf2 Bg7 15.
Rhe1 Qd5 16. Kg1 Rc8 17. Ng5 O-O 18. Qh4 h6 19. Ne4 Nc7 20. Re3 Ne8 21. Rf1 f5
22. exf6 Nxf6 23. Nxf6+ Rxf6 24. h3 Qxa2 25. Rf2 Qd5 26. Re5 Qb3 27. Kh2 Rcf8
28. Rf3 Qc2 29. Be1 g5 30. Qh5 Rxf4 31. Ree3 Rxf3 32. Rxf3 Rxf3 33. Qxf3 d5 34.
Bg3 Qe4 35. Qh5 Kh7 36. Qf7 Qf5 37. Qxa7 Kg6 38. Qxb6 h5 39. Qd6 h4 40. Be5
Bxe5+ 41. dxe5 Qf4+ 42. Kh1 Qf1+ 43. Kh2 Qf4+ 44. Kh1 Kf5 45. Qc7 Qc1+ 46. Kh2
Qf4+ 47. Kh1 Qxe5 48. Qf7+ Ke4 49. Qg6+ Qf5 50. Qg7 Qf1+ 51. Kh2 Qf4+ 52. Kh1 e5
53. Qb7 Qc1+ 54. Kh2 Qxc3 55. Qb1+ Kd4 56. Qg1+ Qe3 57. Qa1+ Ke4 58. Qb1+ Qd3
59. Qe1+ Kf5 60. Qf2+ Kg6 61. Qb6+ Kh5 62. Qf6 Qg3+ 63. Kh1 Qe1+ 64. Kh2 Qg3+
65. Kh1 Qf4 0-1

[Event "Titled Tue 20th May Early"]
[Site "chess.com INT"]
[Date "2025.05.20"]
[Round "2"]
[White "Gabrielian, Artur"]
[Black "Yang, Kaiqi"]
[Result "1/2-1/2"]
[WhiteTitle "GM"]
[BlackTitle "GM"]
[WhiteElo "2419"]
[BlackElo "2481"]
[WhiteFideId "4131002"]
[BlackFideId "8604398"]
[EventDate "2025.05.20"]

1. e4 c5 2. Nf3 a6 3. g3 Nc6 4. Bg2 e5 5. O-O Nf6 6. Re1 Be7 7. c3 d6 8. h3 O-O
9. Na3 b5 10. Nc2 Qc7 11. d4 Rd8 12. d5 Nb8 13. a4 Ra7 14. a5 c4 15. Nb4 Bb7 16.
Be3 Ra8 17. Bb6 Qc8 18. Bxd8 Bxd8 19. b3 cxb3 20. Qxb3 Nbd7 21. Nd3 Rb8 22. Rec1
Nxe4 23. c4 Nec5 24. Nxc5 Nxc5 25. Qa3 b4 26. Qxb4 Ba8 27. Qc3 Nb3 28. Nd2 Nxc1
29. Rxc1 Qc5 30. Ne4 Qc7 31. c5 Bxd5 32. cxd6 Qxc3 33. Rxc3 Bxe4 34. Bxe4 Bxa5
35. Rc6 Rd8 36. Bd5 Bb4 37. Rc7 Bxd6 38. Rxf7 Kh8 39. Rb7 a5 40. Kg2 a4 41. Ra7
a3 42. h4 Bc5 43. Ra6 g6 44. Be6 Kg7 45. Bc4 Rd4 46. Be6 Rd2 47. Kf3 Rxf2+ 48.
Ke4 a2 49. Rxa2 Rxa2 50. Bxa2 Bd4 51. g4 Kf6 52. g5+ Kg7 53. Bd5 h6 54. gxh6+
Kxh6 55. Kf3 Kh5 56. Bf7 Kh6 57. Kg4 e4 58. Bc4 e3 59. Be2 Bc5 60. Kf4 Bb6 61.
Kg4 Bd8 62. Bf3 Bc7 63. Be2 Kg7 64. Bf3 Bb6 65. Be2 Kf6 66. h5 gxh5+ 67. Kxh5
Kf5 68. Kh4 Kf4 69. Kh3 Bc5 70. Kg2 Bd4 71. Kf1 Bc3 72. Ba6 Bd2 73. Bb5 Bb4 74.
Ke2 Be7 75. Bd3 Bh4 76. Bc4 Bf2 77. Bd3 Ke5 78. Bc4 Kd4 79. Bd3 Kc3 80. Bh7 Kd4
81. Bf5 Kc3 82. Bd3 Kd4 83. Bf5 Kc3 84. Bd3 Kd4 85. Bf5 1/2-1/2